| 000 | 00803 a2200205 4500 | ||
|---|---|---|---|
| 001 | 54464 | ||
| 005 | 20260407155817.0 | ||
| 008 | 260407a1977 arg spa d | ||
| 003 | AR-UNSa-BCEJYS | ||
| 040 |
_aAR-UNSa-BCEJYS _bspa _cAR-UNSa-BCEJYS |
||
| 080 |
_a911.3:32 _xGeografía política |
||
| 245 | 1 | 0 | _aTeoría y doctrina de la geopolitica |
| 264 | 1 |
_aBuenos Aires : _bAstrea _c1977 |
|
| 300 |
_a328 p. _c23 cm. |
||
| 505 | _a1. Definición y emplazamiento de la geopolítica - 2. Doctrinas geopolíticas - 3. Teoría relativista de la Geopolítica - 4. Bases para una apreciación geopolítica nacional - 5. Bases para una doctrina geopolítica nacional - 6. Figuras y mapas | ||
| 041 | _aspa | ||
| 942 | _cBK | ||
| 590 | _aniveau_biblio:m niveau_hierar:0 | ||
| 100 | 1 | _aGómez Rueda, Héctor O. | |
| 999 |
_c5571 _d5571 |
||